000 00391nam a2200133Ia 4500
008 151001s9999||||xx |||||||||||||| ||und||
100 _aअनुपम कुमार
245 _aबारिश मेरा घर है
250 _a1
260 _bसाहित्य अकादमी नई दिल्ली
260 _c२०१२
300 _a154
365 _b21
999 _c1002447
_d1002444